| 000 | 00660nam a22001937a 4500 | ||
|---|---|---|---|
| 005 | 20210426102141.0 | ||
| 008 | 210208s2009 ||||| |||| 00| 0 eng d | ||
| 020 | _a9781151548092 | ||
| 040 |
_aeng _cDLC _deng |
||
| 041 | _aeng | ||
| 080 |
_a61 (09) _bD-26 |
||
| 100 |
_9802 _aDavis, Smith. Nathan |
||
| 245 |
_aContributions to the History of Medical Education and Medical Institutions in the United States of America 1776-1876 _b: Special Report _c/ by: General Books |
||
| 260 |
_aWashington _bGeneral Books _c2009 |
||
| 300 | _a66 p. | ||
| 650 | 0 |
_9335 _aHistory of Medicine |
|
| 653 | _aმედიცინის ისტორია | ||
| 942 |
_2udc _cBK |
||
| 999 |
_c1240 _d1240 |
||